[Event "Montreal Mercredi 08"]
[Site "Montreal CAN"]
[Date "2012.08.29"]
[Round "1"]
[White "Boyer, Eric"]
[Black "O'Connor, Michael"]
[Result "0-1"]
[WhiteElo "1637"]
[BlackElo "1619"]
[PlyCount "59"]
[GameId "2160767909445443"]
[EventDate "2012.08.29"]
[EventType "swiss"]
[EventRounds "5"]
[EventCountry "CAN"]
[SourceTitle "EXT 2022"]
[Source "ChessBase"]
[SourceDate "2021.10.06"]
[SourceVersion "1"]
[SourceVersionDate "2021.10.06"]
[SourceQuality "1"]

1. d4 d5 2. Nf3 Nf6 3. c4 e6 4. Nc3 Be7 5. e3 O-O 6. Bd3 c5 7. O-O Nc6 8. b3 b6 9. Bb2 Bb7 10. cxd5 exd5 11. dxc5 bxc5 12. Rc1 Qa5 13. Na4 Ne4 14. Bxe4 dxe4 15. Nd2 f5 16. Nc4 Qd8 17. a3 Qxd1 18. Rfxd1 Rfd8 19. Kf1 Ba6 20. Ke1 Bb5 21. Nc3 Bxc4 22. bxc4 Bf6 23. Rd5 Rxd5 24. cxd5 Ne5 25. Rc2 Nd3+ 26. Kd2 Rd8 27. f3 Bxc3+ 28. Rxc3 Nxb2 29. Rxc5 Nd3 30. Kc3 0-1

[Event "Montreal Mercredi 08"]
[Site "Montreal CAN"]
[Date "2012.08.29"]
[Round "1"]
[White "Chiku-Ratte, Olivier-Kenta"]
[Black "Cardin, Guillaume"]
[Result "1-0"]
[WhiteElo "2174"]
[BlackElo "2094"]
[PlyCount "101"]
[GameId "2160767909445444"]
[EventDate "2012.08.29"]
[EventType "swiss"]
[EventRounds "5"]
[EventCountry "CAN"]
[SourceTitle "EXT 2022"]
[Source "ChessBase"]
[SourceDate "2021.10.06"]
[SourceVersion "1"]
[SourceVersionDate "2021.10.06"]
[SourceQuality "1"]

1. d4 Nf6 2. c4 e6 3. Nc3 Bb4 4. e3 b6 5. Nge2 Ba6 6. a3 Bxc3+ 7. Nxc3 d5 8. Qf3 O-O 9. g4 c6 10. b3 Qc8 11. g5 Ne8 12. Qg3 Qc7 13. Qxc7 Nxc7 14. e4 Rd8 15. Bf4 Ne8 16. O-O-O dxc4 17. Bxc4 Bxc4 18. bxc4 Na6 19. Kc2 Nd6 20. Kb3 Nb7 21. Na2 f6 22. gxf6 gxf6 23. Nb4 Nxb4 24. axb4 Kf7 25. Rhg1 Rg8 26. Rxg8 Rxg8 27. h3 Rd8 28. Be3 e5 29. d5 cxd5 30. exd5 f5 31. f3 Rg8 32. Rg1 Rxg1 33. Bxg1 Ke7 34. c5 bxc5 35. bxc5 a6 36. c6 Na5+ 37. Kb4 Nxc6+ 38. dxc6 Kd6 39. c7 Kxc7 40. Kc5 a5 41. Kd5 e4 42. fxe4 fxe4 43. Kxe4 Kd6 44. Kf5 Kd5 45. Be3 a4 46. Bc1 Kc4 47. h4 Kb3 48. Kf6 a3 49. Bxa3 Kxa3 50. Kg7 h5 51. Kg6 1-0

[Event "Montreal Mercredi 08"]
[Site "Montreal CAN"]
[Date "2012.08.29"]
[Round "1"]
[White "Cote, Philippe"]
[Black "Sonn, Eric"]
[Result "1-0"]
[WhiteElo "1655"]
[BlackElo "1566"]
[PlyCount "63"]
[GameId "2160767909445445"]
[EventDate "2012.08.29"]
[EventType "swiss"]
[EventRounds "5"]
[EventCountry "CAN"]
[SourceTitle "EXT 2022"]
[Source "ChessBase"]
[SourceDate "2021.10.06"]
[SourceVersion "1"]
[SourceVersionDate "2021.10.06"]
[SourceQuality "1"]

1. e4 e6 2. d4 d5 3. e5 c5 4. c3 Nc6 5. Nf3 Bd7 6. Bd3 Qb6 7. Bc2 Nh6 8. O-O cxd4 9. cxd4 O-O-O 10. Nc3 Kb8 11. a4 Rc8 12. Bxh6 gxh6 13. Qd2 Nb4 14. a5 Qd8 15. Bd1 Rg8 16. Be2 h5 17. Rac1 Rg6 18. Na4 Rxc1 19. Qxc1 Nc6 20. Nc5 Bc8 21. Qc3 f6 22. a6 Qb6 23. axb7 Bxc5 24. bxc8=Q+ Kxc8 25. dxc5 Qc7 26. exf6 Qf4 27. f7 Rf6 28. Qe3 e5 29. Qxf4 Rxf4 30. Ng5 h6 31. Nf3 Rxf7 32. Bb5 1-0

[Event "Montreal Mercredi 08"]
[Site "Montreal CAN"]
[Date "2012.08.29"]
[Round "1"]
[White "Gauthier, Denis"]
[Black "Giroux, Robert"]
[Result "1-0"]
[WhiteElo "1992"]
[BlackElo "1870"]
[PlyCount "411"]
[GameId "2160767909445446"]
[EventDate "2012.08.29"]
[EventType "swiss"]
[EventRounds "5"]
[EventCountry "CAN"]
[SourceTitle "EXT 2022"]
[Source "ChessBase"]
[SourceDate "2021.10.06"]
[SourceVersion "1"]
[SourceVersionDate "2021.10.06"]
[SourceQuality "1"]

1. d4 c5 2. d5 e5 3. e4 Nf6 4. Nc3 a6 5. a4 b6 6. Nf3 d6 7. g3 Be7 8. Bg2 Nbd7 9. O-O h6 10. h3 Nh7 11. Be3 Bg5 12. Qd2 Bxe3 13. Qxe3 Ng5 14. Nh4 Nf8 15. Kh2 Ngh7 16. f4 Nd7 17. Nf5 Qf6 18. Ne2 g5 19. fxe5 Nxe5 20. Nc1 Nf8 21. Nd3 Nfg6 22. b4 Nc4 23. Qe2 Bxf5 24. exf5+ Nge5 25. bxc5 bxc5 26. Rab1 O-O 27. Nf2 Qxf5 28. Ne4 Qg6 29. Rf6 Qg7 30. Rbf1 Rad8 31. Qh5 Ne3 32. R1f2 Nxd5 33. Rxh6 f6 34. Nxg5 Ne3 35. Ne6 Qxh6 36. Qxh6 N3g4+ 37. hxg4 Nxg4+ 38. Kg1 Nxh6 39. Nxd8 Rxd8 40. Rxf6 Kg7 41. Re6 Nf7 42. Re7 Kf6 43. Ra7 d5 44. Rxa6+ Ke5 45. Kf2 Kd4 46. Ke2 Ne5 47. a5 Nc4 48. Ra7 Re8+ 49. Kf2 Rf8+ 50. Ke2 Re8+ 51. Kf2 Rf8+ 52. Kg1 Ne3 53. a6 Nxg2 54. Kxg2 Rb8 55. Rb7 Ra8 56. a7 Kc3 57. Rd7 d4 58. Kf2 Re8 59. Rb7 Ra8 60. Ke2 Kxc2 61. Rc7 d3+ 62. Ke3 Re8+ 63. Kf4 d2 64. Rxc5+ Kd3 65. Rd5+ Ke2 66. Re5+ Rxe5 67. a8=Q Rf5+ 68. Kxf5 d1=Q 69. Qg2+ Ke3 70. Qe4+ Kf2 71. Qf4+ Kg1 72. g4 Qd5+ 73. Kg6 Qe6+ 74. Kh5 Qe8+ 75. Kh4 Qh8+ 76. Kg5 Qg7+ 77. Kh5 Qh8+ 78. Qh6 Qe8+ 79. Qg6 Qh8+ 80. Kg5 Qd8+ 81. Kf5 Qc8+ 82. Qe6 Qc2+ 83. Kf6 Qb2+ 84. Kg6 Qc2+ 85. Kg7 Qb2+ 86. Qf6 Qb7+ 87. Kh6 Qh1+ 88. Kg5 Qd5+ 89. Qf5 Qd8+ 90. Qf6 Qg8+ 91. Kh4 Qh7+ 92. Kg5 Qg8+ 93. Qg6 Qd8+ 94. Kf5 Qd3+ 95. Kf6 Qd6+ 96. Kg7 Qd7+ 97. Kh6 Qd2+ 98. g5 Qh2+ 99. Kg7 Qb2+ 100. Qf6 Qb7+ 101. Qf7 Qb2+ 102. Kh7 Qh2+ 103. Kg8 Qb8+ 104. Qf8 Qb3+ 105. Kh7 Qh3+ 106. Qh6 Qd7+ 107. Qg7 Qh3+ 108. Kg8 Qc8+ 109. Qf8 Qc4+ 110. Qf7 Qc8+ 111. Kg7 Qc3+ 112. Qf6 Qc7+ 113. Kg6 Qc2+ 114. Qf5 Qc6+ 115. Kh5 Qh1+ 116. Kg4 Qg2+ 117. Kh4 Qb2 118. g6 Qg7 119. Kg5 Qg8 120. Kh6 Qh8+ 121. Kg5 Qg8 122. Qf6 Qd5+ 123. Kh6 Qh1+ 124. Kg7 Qb7+ 125. Qf7 Qb2+ 126. Kg8 Qb8+ 127. Kh7 Qh2+ 128. Kg8 Qb8+ 129. Qf8 Qb3+ 130. Kh7 Qd3 131. Qh6 Qe4 132. Qg5+ Kf1 133. Kh6 Qh1+ 134. Qh5 Qc6 135. Qf5+ Kg1 136. Kh7 Qh1+ 137. Kg8 Qa8+ 138. Qf8 Qd5+ 139. Qf7 Qa8+ 140. Kg7 Qa1+ 141. Qf6 Qc1 142. Kh7 Qc2 143. Qe5 Qd3 144. Kh6 Qh3+ 145. Qh5 Qe6 146. Qg5+ Kh2 147. Kh7 Qe4 148. Qf6 Kg1 149. Kh8 Qe8+ 150. Kg7 Qd7+ 151. Qf7 Qd4+ 152. Kg8 Qd8+ 153. Qf8 Qd5+ 154. Kh7 Qh5+ 155. Qh6 Qf5 156. Kh8 Qc8+ 157. Kg7 Qd7+ 158. Kf6 Qd6+ 159. Kf5 Qd5+ 160. Kg4 Qg2+ 161. Kf5 Qd5+ 162. Kf6 Qd6+ 163. Kf7 Qd7+ 164. Kg8 Qd8+ 165. Qf8 Qd5+ 166. Kh7 Qh5+ 167. Kg7 Qe5+ 168. Qf6 Qc7+ 169. Qf7 Qc3+ 170. Kf8 Qc8+ 171. Ke7 Qb7+ 172. Ke6 Qe4+ 173. Kf6 Qd4+ 174. Kg5 Qe3+ 175. Qf4 Qc5+ 176. Kg4 Qc8+ 177. Kg3 Qc3+ 178. Kh4 Qg7 179. Qg5+ Kf1 180. Kg4 Ke2 181. Kg3 Qc3+ 182. Kh4 Qg7 183. Qf5 Qe7+ 184. Qg5 Qg7 185. Qb5+ Kf2 186. Qc6 Qh8+ 187. Kg5 Qe5+ 188. Kg4 Qg3+ 189. Kf5 Qh3+ 190. Kf6 Qh4+ 191. Kf7 Qh5 192. Kg8 Qg5 193. Qd6 Kg1 194. g7 Qf5 195. Qf8 Qd5+ 196. Qf7 Qd8+ 197. Kh7 Qh4+ 198. Kg6 Qg4+ 199. Kh6 Qh3+ 200. Qh5 Qc8 201. Qg5+ Kf2 202. g8=Q Qh3+ 203. Qh5 Qe3+ 204. Kh7 Qd3+ 205. Qgg6 Qa3 206. Qh2+ 1-0

[Event "Montreal Mercredi 08"]
[Site "Montreal CAN"]
[Date "2012.08.29"]
[Round "1"]
[White "Lacroix, Serge"]
[Black "Lopez Linares, Cesar"]
[Result "0-1"]
[WhiteElo "1795"]
[BlackElo "1694"]
[PlyCount "138"]
[GameId "2160767909445447"]
[EventDate "2012.08.29"]
[EventType "swiss"]
[EventRounds "5"]
[EventCountry "CAN"]
[SourceTitle "EXT 2022"]
[Source "ChessBase"]
[SourceDate "2021.10.06"]
[SourceVersion "1"]
[SourceVersionDate "2021.10.06"]
[SourceQuality "1"]

1. e4 e6 2. d4 d5 3. Nd2 Be7 4. e5 c5 5. c3 Nc6 6. Ndf3 cxd4 7. cxd4 Bb4+ 8. Bd2 Qa5 9. a3 Bxd2+ 10. Qxd2 Qxd2+ 11. Kxd2 Na5 12. Rb1 Bd7 13. b4 Nc4+ 14. Bxc4 dxc4 15. Ne2 Ne7 16. Rhc1 b5 17. a4 a6 18. axb5 axb5 19. Ra1 O-O 20. Nc3 Bc6 21. Ne1 Rfd8 22. Rxa8 Rxa8 23. Nc2 Kf8 24. g4 Ke8 25. f4 g6 26. h4 Kd7 27. Ra1 Rxa1 28. Nxa1 Kc7 29. Nc2 Kb6 30. Ne3 Bf3 31. g5 Kc6 32. Ke1 Nc8 33. Kf2 Bh1 34. Kg1 Bd5 35. Kf2 Nb6 36. Ke2 Na4 37. Ncxd5 exd5 38. Kd2 Nb2 39. f5 Nd3 40. e6 fxe6 41. f6 Kd6 42. Ng4 Nxb4 43. Ne5 Na6 44. Nf7+ Kd7 45. Ne5+ Ke8 46. Nc6 b4 47. Na5 Nc7 48. Nc6 b3 49. Na7 Kf8 50. Kc3 Kf7 51. Kd2 Na8 52. Nc6 Ke8 53. Ne5 Nb6 54. Nc6 Na4 55. Na5 Nb2 56. Kc3 Nd1+ 57. Kd2 Nf2 58. Nb7 Ne4+ 59. Kc1 Ng3 60. Nc5 Kf7 61. Nd7 Nf5 62. Ne5+ Ke8 63. h5 gxh5 64. g6 hxg6 65. Nxg6 h4 66. Nf4 Kf7 67. Kd2 Nxd4 68. Kc3 Kxf6 69. Kxd4 e5+ 0-1

[Event "Montreal Mercredi 08"]
[Site "Montreal CAN"]
[Date "2012.08.29"]
[Round "1"]
[White "Lopez Linares, Lizandro"]
[Black "Levkovsky, Alexandre"]
[Result "1/2-1/2"]
[WhiteElo "2060"]
[BlackElo "2228"]
[PlyCount "53"]
[GameId "2160767909445448"]
[EventDate "2012.08.29"]
[EventType "swiss"]
[EventRounds "5"]
[EventCountry "CAN"]
[SourceTitle "EXT 2022"]
[Source "ChessBase"]
[SourceDate "2021.10.06"]
[SourceVersion "1"]
[SourceVersionDate "2021.10.06"]
[SourceQuality "1"]

1. d4 Nf6 2. c4 e6 3. Nc3 Bb4 4. e3 d5 5. cxd5 exd5 6. Bd3 O-O 7. Nge2 Bd6 8. h3 c6 9. Qc2 Re8 10. O-O Nbd7 11. f3 c5 12. Nb5 Bf8 13. dxc5 Nxc5 14. Nbd4 Bd7 15. Bd2 Qb6 16. b4 Nxd3 17. Qxd3 a6 18. Rab1 Rac8 19. g4 Rc4 20. a3 Qc7 21. b5 Qe5 22. Kg2 Bd6 23. Rh1 Bc5 24. bxa6 bxa6 25. Rb3 h5 26. Kf2 g6 27. Bb4 1/2-1/2

[Event "Montreal Mercredi 08"]
[Site "Montreal CAN"]
[Date "2012.08.29"]
[Round "1"]
[White "Morin, Louis"]
[Black "Barko, Maxim"]
[Result "1/2-1/2"]
[WhiteElo "1834"]
[BlackElo "1667"]
[PlyCount "90"]
[GameId "2160767909445449"]
[EventDate "2012.08.29"]
[EventType "swiss"]
[EventRounds "5"]
[EventCountry "CAN"]
[SourceTitle "EXT 2022"]
[Source "ChessBase"]
[SourceDate "2021.10.06"]
[SourceVersion "1"]
[SourceVersionDate "2021.10.06"]
[SourceQuality "1"]

1. e4 e6 2. d4 d5 3. e5 c5 4. Qg4 Nc6 5. Nf3 cxd4 6. Bd3 Qc7 7. Qg3 Bd7 8. O-O O-O-O 9. Re1 f6 10. c3 fxe5 11. cxd4 exd4 12. Bf4 Qb6 13. Nbd2 Nf6 14. Rac1 Nh5 15. Qh4 Nxf4 16. Qxf4 Qc7 17. Qxc7+ Kxc7 18. Nxd4 Re8 19. N2f3 Kb8 20. Nxc6+ bxc6 21. b4 Rc8 22. Ng5 Ka8 23. a3 e5 24. Nf7 e4 25. Ba6 Be7 26. Nxh8 Rxh8 27. f3 Bg5 28. fxe4 Bxc1 29. Rxc1 dxe4 30. Kf2 Kb8 31. Ke3 Re8 32. Rc4 Kc7 33. Rxe4 Rxe4+ 34. Kxe4 Kd6 35. Kd4 Be8 36. Bd3 h6 37. h4 Bf7 38. g3 Bd5 39. Bc2 Bf3 40. a4 Be2 41. a5 Bf3 42. Bd3 Bd5 43. Bg6 Bf3 44. Ke3 Bg4 45. Kd4 Bf3 1/2-1/2

[Event "Montreal Mercredi 08"]
[Site "Montreal CAN"]
[Date "2012.08.29"]
[Round "1"]
[White "Munshi, Shawkat"]
[Black "Le Bas, Nicolas"]
[Result "0-1"]
[WhiteElo "1655"]
[BlackElo "1614"]
[PlyCount "125"]
[GameId "2160767909445450"]
[EventDate "2012.08.29"]
[EventType "swiss"]
[EventRounds "5"]
[EventCountry "CAN"]
[SourceTitle "EXT 2022"]
[Source "ChessBase"]
[SourceDate "2021.10.06"]
[SourceVersion "1"]
[SourceVersionDate "2021.10.06"]
[SourceQuality "1"]

1. Nf3 Nf6 2. e3 c5 3. b3 g6 4. Bb2 Bg7 5. c4 O-O 6. Be2 Nc6 7. O-O Qc7 8. d4 d6 9. d5 Nd8 10. Qc2 e5 11. Nbd2 Nh5 12. Ne1 f5 13. Bxh5 gxh5 14. f4 Bf6 15. Nef3 Qg7 16. Kh1 Nf7 17. Rg1 e4 18. Bxf6 Qxf6 19. Ng5 Nxg5 20. fxg5 Qxg5 21. Rae1 Bd7 22. a4 Rae8 23. Nb1 Re7 24. Nc3 a6 25. Qd2 f4 26. exf4 Qxf4 27. Qxf4 Rxf4 28. Re3 Bf5 29. Rge1 Rf7 30. Kg1 Re7 31. g3 Rg4 32. Kg2 h4 33. Rf1 Rf7 34. Rfe1 Re7 35. a5 hxg3 36. hxg3 h5 37. Rh1 Rh7 38. Rh4 Rxh4 39. gxh4 Rg7+ 40. Rg3 e3 41. Rxg7+ Kxg7 42. Na4 Bc2 43. Kf3 e2 44. Kxe2 Kf6 45. Ke3 Kf5 46. Kf3 Bxb3 47. Nb6 Ke5 48. Ke3 Kf5 49. Kf3 Bd1+ 50. Kg3 Bg4 51. Nd7 Be2 52. Nb6 Ke4 53. Kf2 Bg4 54. Kg3 Kd4 55. Kf4 Kc3 56. Kg5 Kb4 57. Kf6 Kxa5 58. Na8 b5 59. cxb5 Kxb5 60. Ke7 c4 61. Kxd6 c3 62. Nc7+ Kc4 63. Ke5 0-1

[Event "Montreal Mercredi 08"]
[Site "Montreal CAN"]
[Date "2012.08.29"]
[Round "1"]
[White "Tremblay, Alain"]
[Black "Cloutier, Mathieu"]
[Result "1/2-1/2"]
[WhiteElo "2077"]
[BlackElo "2059"]
[PlyCount "91"]
[GameId "2160767909445451"]
[EventDate "2012.08.29"]
[EventType "swiss"]
[EventRounds "5"]
[EventCountry "CAN"]
[SourceTitle "EXT 2022"]
[Source "ChessBase"]
[SourceDate "2021.10.06"]
[SourceVersion "1"]
[SourceVersionDate "2021.10.06"]
[SourceQuality "1"]

1. b4 e5 2. Bb2 d6 3. e3 Nf6 4. c4 Bg4 5. Qb3 Be7 6. Nc3 c6 7. h3 Bf5 8. Nf3 O-O 9. d4 e4 10. Nd2 Nbd7 11. c5 d5 12. b5 Be6 13. Qa4 Qc7 14. Be2 h6 15. Nb3 Nh7 16. bxc6 bxc6 17. Na5 Rac8 18. Ba6 Bxc5 19. Bxc8 Rxc8 20. Nb3 Nb6 21. Qa5 Bd6 22. Ba3 Bxa3 23. Qxa3 Nc4 24. Qc1 Rb8 25. Na4 Qe7 26. Nac5 Qg5 27. Kf1 Re8 28. Rb1 Nf8 29. Qc3 Ng6 30. g3 h5 31. Nxe6 Rxe6 32. h4 Qf5 33. Na5 Qf3 34. Rh2 Ne7 35. Nxc4 dxc4 36. Qxc4 Nf5 37. Kg1 Rg6 38. Rb8+ Kh7 39. Qxf7 Rxg3+ 40. fxg3 Qd1+ 41. Kf2 Qd2+ 42. Kg1 Qe1+ 43. Kg2 Qd2+ 44. Kg1 Qd1+ 45. Kf2 Qd2+ 46. Kg1 1/2-1/2

[Event "Montreal Mercredi 08"]
[Site "Montreal CAN"]
[Date "2012.09.05"]
[Round "2"]
[White "Barko, Maxim"]
[Black "Gauthier, Luc"]
[Result "1-0"]
[WhiteElo "1669"]
[BlackElo "1729"]
[PlyCount "85"]
[GameId "2160767909445452"]
[EventDate "2012.08.29"]
[EventType "swiss"]
[EventRounds "5"]
[EventCountry "CAN"]
[SourceTitle "EXT 2022"]
[Source "ChessBase"]
[SourceDate "2021.10.06"]
[SourceVersion "1"]
[SourceVersionDate "2021.10.06"]
[SourceQuality "1"]

1. d4 f5 2. Nf3 Nf6 3. c4 e6 4. e3 Bb4+ 5. Bd2 Bxd2+ 6. Nbxd2 b6 7. Bd3 Bb7 8. Qc2 Nc6 9. a3 O-O 10. d5 Ne7 11. e4 exd5 12. exd5 g6 13. O-O Nc8 14. b4 a5 15. Rae1 axb4 16. axb4 Nd6 17. Ne5 Nf7 18. f4 Re8 19. Ndf3 Nd6 20. Ng5 Kg7 21. Re2 h6 22. Ngf3 Nde4 23. Nh4 Rxe5 24. fxe5 Nxd5 25. cxd5 Qxh4 26. Bxe4 fxe4 27. Rxe4 Qe7 28. Qd2 c5 29. b5 Ra5 30. Ref4 Rxb5 31. Qf2 Bxd5 32. Qg3 Rb3 33. Qg4 Be6 34. Qe2 b5 35. Rf6 c4 36. h3 Qc5+ 37. Kh1 Re3 38. Qf2 Qxe5 39. Rf7+ Kg8 40. Rf8+ Kg7 41. Rf7+ Kg8 42. Rf8+ Kg7 43. Qf7+ 1-0

[Event "Montreal Mercredi 08"]
[Site "Montreal CAN"]
[Date "2012.09.05"]
[Round "2"]
[White "Cardin, Guillaume"]
[Black "Tremblay, Alain"]
[Result "1-0"]
[WhiteElo "2094"]
[BlackElo "2077"]
[PlyCount "61"]
[GameId "2160767909445453"]
[EventDate "2012.08.29"]
[EventType "swiss"]
[EventRounds "5"]
[EventCountry "CAN"]
[SourceTitle "EXT 2022"]
[Source "ChessBase"]
[SourceDate "2021.10.06"]
[SourceVersion "1"]
[SourceVersionDate "2021.10.06"]
[SourceQuality "1"]

1. e4 c6 2. d4 d5 3. exd5 cxd5 4. Bd3 Nc6 5. c3 Qc7 6. Ne2 Nf6 7. h3 e5 8. dxe5 Nxe5 9. Bb5+ Bd7 10. Bxd7+ Qxd7 11. Bf4 Ng6 12. Be3 Be7 13. Nd2 O-O 14. O-O Rfe8 15. Qb3 Bd6 16. Nf3 Rad8 17. Rfe1 Ra8 18. Rad1 h6 19. a4 a6 20. a5 Rac8 21. Bb6 Kh7 22. Kf1 Ne7 23. Ned4 Ne4 24. Nd2 Nf6 25. Kg1 Kg8 26. Re2 Bb8 27. Rde1 Qd6 28. N4f3 Nc6 29. Qa4 Rxe2 30. Rxe2 Nh5 31. Qg4 1-0

[Event "Montreal Mercredi 08"]
[Site "Montreal CAN"]
[Date "2012.09.05"]
[Round "2"]
[White "Cote, Philippe"]
[Black "Munshi, Shawkat"]
[Result "1-0"]
[WhiteElo "1655"]
[BlackElo "1655"]
[PlyCount "38"]
[GameId "2160767909445454"]
[EventDate "2012.08.29"]
[EventType "swiss"]
[EventRounds "5"]
[EventCountry "CAN"]
[SourceTitle "EXT 2022"]
[Source "ChessBase"]
[SourceDate "2021.10.06"]
[SourceVersion "1"]
[SourceVersionDate "2021.10.06"]
[SourceQuality "1"]

1. e4 c5 2. Nf3 d6 3. d4 cxd4 4. Nxd4 Nf6 5. Nc3 a6 6. Bc4 e6 7. Bb3 b5 8. O-O b4 9. Na4 Nxe4 10. Re1 Nf6 11. Qf3 d5 12. Bg5 Be7 13. Bxf6 gxf6 14. Nf5 Bb7 15. Nxe7 Kxe7 16. Nc5 Bc6 17. Qg4 Qg8 18. Qxb4 Ke8 19. Rad1 Qf8 1-0

[Event "Montreal Mercredi 08"]
[Site "Montreal CAN"]
[Date "2012.09.05"]
[Round "2"]
[White "Giroux, Robert"]
[Black "Boudreau, Daniel"]
[Result "0-1"]
[WhiteElo "1870"]
[BlackElo "1933"]
[PlyCount "108"]
[GameId "2160767909445455"]
[EventDate "2012.08.29"]
[EventType "swiss"]
[EventRounds "5"]
[EventCountry "CAN"]
[SourceTitle "EXT 2022"]
[Source "ChessBase"]
[SourceDate "2021.10.06"]
[SourceVersion "1"]
[SourceVersionDate "2021.10.06"]
[SourceQuality "1"]

1. d4 Nf6 2. Nf3 e6 3. Bg5 c5 4. e3 Nc6 5. Nbd2 cxd4 6. exd4 Qa5 7. c3 Qf5 8. Qb1 Qg6 9. Bd3 Qh5 10. O-O b5 11. Re1 Be7 12. Nf1 Bd6 13. Qc1 Bb7 14. Bf4 Bxf4 15. Qxf4 b4 16. Qc7 Rb8 17. Ng3 Qa5 18. Qd6 bxc3 19. bxc3 Rc8 20. c4 Qc7 21. Nf5 Kd8 22. d5 exf5 23. Qxc7+ Rxc7 24. dxc6 Bxc6 25. Ne5 d6 26. Nxc6+ Rxc6 27. Rab1 Rb6 28. Rxb6 axb6 29. Bxf5 g6 30. Bc2 Re8 31. Kf1 Re5 32. Rb1 Kc7 33. f3 Ra5 34. Bb3 Rh5 35. Re1 Re5 36. Rxe5 dxe5 37. c5 bxc5 38. Bxf7 Kb6 39. Ke2 e4 40. fxe4 Nxe4 41. Kd3 Nd6 42. Bg8 h6 43. Bh7 g5 44. Bg8 Kb5 45. Bd5 Kb4 46. g3 Ne8 47. Bc6 Nf6 48. a4 Ng4 49. Ke4 Nxh2 50. Kf5 Nf1 51. Kg6 Nxg3 52. Kxh6 c4 53. Kxg5 c3 54. a5 Kxa5 0-1

[Event "Montreal Mercredi 08"]
[Site "Montreal CAN"]
[Date "2012.09.05"]
[Round "2"]
[White "Le Bas, Nicolas"]
[Black "Boyer, Eric"]
[Result "0-1"]
[WhiteElo "1614"]
[BlackElo "1637"]
[PlyCount "44"]
[GameId "2160767909445456"]
[EventDate "2012.08.29"]
[EventType "swiss"]
[EventRounds "5"]
[EventCountry "CAN"]
[SourceTitle "EXT 2022"]
[Source "ChessBase"]
[SourceDate "2021.10.06"]
[SourceVersion "1"]
[SourceVersionDate "2021.10.06"]
[SourceQuality "1"]

1. e4 e6 2. d4 d5 3. Nc3 Nf6 4. Bg5 Be7 5. e5 Nfd7 6. Bxe7 Qxe7 7. f4 O-O 8. Nf3 c5 9. Qd2 a6 10. Be2 Nc6 11. a4 f6 12. exf6 Qxf6 13. f5 cxd4 14. Nxd5 exd5 15. g4 Nde5 16. h3 d3 17. cxd3 Nxf3+ 18. Bxf3 Qe5+ 19. Kf2 Nd4 20. Bg2 Bxf5 21. Rhe1 Be4+ 22. Kg1 Qg3 0-1

[Event "Montreal Mercredi 08"]
[Site "Montreal CAN"]
[Date "2012.09.05"]
[Round "2"]
[White "Levkovsky, Alexandre"]
[Black "Cloutier, Mathieu"]
[Result "1/2-1/2"]
[WhiteElo "2228"]
[BlackElo "2094"]
[PlyCount "91"]
[GameId "2160767909445457"]
[EventDate "2012.08.29"]
[EventType "swiss"]
[EventRounds "5"]
[EventCountry "CAN"]
[SourceTitle "EXT 2022"]
[Source "ChessBase"]
[SourceDate "2021.10.06"]
[SourceVersion "1"]
[SourceVersionDate "2021.10.06"]
[SourceQuality "1"]

1. e4 c5 2. Nf3 Nc6 3. Bb5 g6 4. O-O Bg7 5. Re1 Nf6 6. c3 Qb6 7. Na3 O-O 8. d4 cxd4 9. cxd4 d5 10. e5 Ne4 11. Be3 f5 12. exf6 Bxf6 13. Qb3 e6 14. Bd3 Qxb3 15. axb3 Nd6 16. Nc2 a6 17. Bh6 Re8 18. Bf4 Nf7 19. h4 Bd7 20. Bf1 Rac8 21. Re2 e5 22. dxe5 Ncxe5 23. Nxe5 Nxe5 24. Ne3 Bc6 25. Rd1 d4 26. Bxe5 Bxe5 27. Nc4 Bf6 28. Nb6 Rxe2 29. Bxe2 Re8 30. Bc4+ Kg7 31. Kf1 Bxh4 32. Rxd4 Bf6 33. Rd2 Rd8 34. Rc2 Rd1+ 35. Ke2 Rb1 36. Bxa6 Rxb2 37. Rxb2 Bxb2 38. Bc4 Bxg2 39. f3 Bd4 40. Nd5 Bh3 41. Nf4 Bf5 42. Ne6+ Bxe6 43. Bxe6 Kf6 44. Bc8 b6 45. Kf1 Ke5 46. Kg2 1/2-1/2

[Event "Montreal Mercredi 08"]
[Site "Montreal CAN"]
[Date "2012.09.05"]
[Round "2"]
[White "Lopez Linares, Cesar"]
[Black "Baran, Marius"]
[Result "1-0"]
[WhiteElo "1694"]
[BlackElo "1769"]
[PlyCount "121"]
[GameId "2160767909445458"]
[EventDate "2012.08.29"]
[EventType "swiss"]
[EventRounds "5"]
[EventCountry "CAN"]
[SourceTitle "EXT 2022"]
[Source "ChessBase"]
[SourceDate "2021.10.06"]
[SourceVersion "1"]
[SourceVersionDate "2021.10.06"]
[SourceQuality "1"]

1. d4 d5 2. c4 e6 3. Nc3 Nf6 4. Bg5 Be7 5. e3 O-O 6. Nf3 Nbd7 7. Rc1 c6 8. Bd3 dxc4 9. Bxc4 Nd5 10. Bxe7 Qxe7 11. O-O Nxc3 12. Rxc3 e5 13. Nxe5 Nxe5 14. dxe5 Qxe5 15. f4 Qe4 16. Qe2 Rd8 17. Bd3 Bg4 18. Bxe4 Bxe2 19. Re1 Bh5 20. h3 f6 21. g4 Bf7 22. Re2 Rd1+ 23. Kf2 Rad8 24. a3 Bd5 25. Bc2 Rh1 26. e4 Rh2+ 27. Kf1 Rxe2 28. Kxe2 Re8 29. Kf3 Bf7 30. Rd3 Kf8 31. f5 Ke7 32. h4 Rd8 33. Rxd8 Kxd8 34. Kf4 h6 35. e5 fxe5+ 36. Kxe5 Ke7 37. Be4 Bb3 38. Bf3 Bc4 39. g5 hxg5 40. hxg5 Bb3 41. f6+ gxf6+ 42. gxf6+ Kf8 43. Bh5 c5 44. Kd6 c4 45. Kc7 b5 46. Kc6 Ba4 47. Kc5 a5 48. Bg6 b4 49. axb4 axb4 50. Kxc4 b3 51. f7 Ke7 52. Kb4 Bd7 53. Kxb3 Be6+ 54. Ka4 Bd5 55. Ka5 Bb3 56. Kb6 Kf8 57. Kc5 Bd1 58. b4 Kg7 59. b5 Bf3 60. b6 Bb7 61. Kd6 1-0

[Event "Montreal Mercredi 08"]
[Site "Montreal CAN"]
[Date "2012.09.05"]
[Round "2"]
[White "Lopez Linares, Lizandro"]
[Black "Chiku-Ratte, Olivier-Kenta"]
[Result "1-0"]
[WhiteElo "2060"]
[BlackElo "2174"]
[PlyCount "117"]
[GameId "2160767909445459"]
[EventDate "2012.08.29"]
[EventType "swiss"]
[EventRounds "5"]
[EventCountry "CAN"]
[SourceTitle "EXT 2022"]
[Source "ChessBase"]
[SourceDate "2021.10.06"]
[SourceVersion "1"]
[SourceVersionDate "2021.10.06"]
[SourceQuality "1"]

1. d4 Nf6 2. Nf3 c5 3. e3 b6 4. Nbd2 Bb7 5. Bd3 d6 6. Qe2 Nbd7 7. e4 cxd4 8. Nxd4 g6 9. O-O Bg7 10. N2b3 O-O 11. f4 Qc7 12. Nb5 Qb8 13. Bd2 Nc5 14. Nxc5 bxc5 15. c4 Nd7 16. Bc3 Bc6 17. Bxg7 Kxg7 18. Nc3 Qc7 19. Rae1 Rab8 20. e5 Rfe8 21. b3 e6 22. Be4 Rbd8 23. exd6 Qxd6 24. Rd1 Qc7 25. Bxc6 Qxc6 26. Nb5 Nf6 27. Nxa7 Qb7 28. Nb5 Ne4 29. Qb2+ f6 30. a4 Rxd1 31. Rxd1 e5 32. fxe5 Rxe5 33. Qc1 Qe7 34. Rf1 Ng5 35. Nc3 Ne4 36. Nd5 Qe6 37. Qe3 Nd6 38. Qxc5 f5 39. Qd4 Kg8 40. a5 Re1 41. a6 Qe2 42. Qf2 Rxf1+ 43. Qxf1 Qa2 44. c5 Nc8 45. Qd3 Qa1+ 46. Kf2 Qa2+ 47. Kg3 Na7 48. Ne3 Qa5 49. Qd5+ Kg7 50. Qb7+ Kh6 51. Qxa7 Qe1+ 52. Kf3 f4 53. Ng4+ Kg5 54. h4+ Kxh4 55. Qxh7+ Kg5 56. Qh6+ Kf5 57. Qxf4+ Ke6 58. Qe3+ Qxe3+ 59. Nxe3 1-0